000 00668nam a22002417a 4500
001 sjds
003 sdjs
005 20240304203323.0
008 220614b mx ||||| |||| 00| 0 spa d
020 _a9706077448
020 _a9789706077448
020 _a9789686347555 (series)
040 _csjds
041 _aspa
100 1 0 _aMathiaud, Evelyne
245 1 4 _aLos bebes animales y sus mamas /
246 _aLos bebes animales y sus mamas
260 _aMexico, D.F. :
_bMega Ediciones,
_cc1990.
300 _a1 volume (unpaged) :
_b color illustrations ;
_c20 cm.
440 _aBiblioteca los conejitos.
700 1 0 _aPariselle, Jean-Marc
942 _cBK
_2ddc
999 _c27070
_d27070